[Event "ch-Montenegro"]
[Site "Cetinje MNE"]
[Date "2007.07.12"]
[Round "2"]
[White "Kontic,D"]
[Black "Podlesnik,B"]
[Result "1-0"]
[WhiteElo "2384"]
[BlackElo "2403"]

1.e4 c5 2.Ne2 Nc6 3.Nbc3 e6 4.g3 d5 5.exd5 exd5 6.Bg2 d4 7.Nd5 Nf6 8.Nef4 Bd6
9.Qe2+ Ne5 10.Nxf6+ Qxf6 11.Nd5 Qd8 12.f4 Bg4 13.Qb5+ Qd7 14.a4 Nc6 15.O-O O-O
16.a5 a6 17.Qb3 Rab8 18.Nb6 Qd8 19.d3 Be6 20.Qa4 Ne7 21.Bd2 Bc7 22.Nc4 Bd5
23.Be4 f5 24.Bxd5+ Qxd5 25.Rae1 Nc6 26.Qb3 h6 27.Rf2 Kh7 28.Rfe2 Rf6 29.Re8 Rxe8
30.Rxe8 Rf7 31.Qxb7 Bxf4 32.Qc8 Bxd2 33.Nxd2 Ne5 34.Rh8+ Kg6 35.Qxa6+ Kg5
36.Re8 Nf3+ 37.Nxf3+ Qxf3 38.Re1 Kg4 39.Rf1 Qe3+ 40.Kg2 Kh5 41.Qc6 Qd2+ 42.Rf2 Qxa5
43.g4+ Kg5 44.gxf5 Rf6 45.h4+ Kxh4 46.Qe4+ Kg5 47.Qf4+ Kh5 48.Kh3  1-0

[Event "6th IM"]
[Site "Condom FRA"]
[Date "2007.07.12"]
[Round "7"]
[White "Roser,K"]
[Black "Navarrete Delgado,S"]
[Result "1-0"]
[WhiteElo "2408"]
[BlackElo "2213"]

1.e4 c5 2.Nf3 Nc6 3.Nc3 e5 4.Bc4 d6 5.d3 Bg4 6.h3 Bxf3 7.Qxf3 Qf6 8.Qd1 Nge7
9.O-O g5 10.Qh5 h6 11.Be3 Qg6 12.Qxg6 Nxg6 13.g3 Bg7 14.Nd5 O-O 15.a3 a6
16.b4 Nd4 17.c3 b5 18.Ba2 Nc2 19.Rac1 Nxe3 20.fxe3 Ra7 21.Rf2 a5 22.bxc5 dxc5
23.Rb1 b4 24.cxb4 axb4 25.axb4 Rfa8 26.Bc4 cxb4 27.Rxb4 Bf8 28.Rb5 Rc8 29.Rfb2 Kg7
30.Rb7 Rxb7 31.Rxb7 Bc5 32.Kf2 h5 33.Kf3 Rf8 34.Rc7 Ba3 35.Nb6 Bd6 36.Rb7 Nh8
37.Nd7 Rc8 38.Rb6 Bc5 39.Rb5 Bd6 40.Rd5 Be7 41.Rxe5 Ng6 42.Rf5 f6 43.e5 fxe5
44.Nxe5 Rf8 45.Ke4 Nxe5 46.Rxe5 Bf6 47.Rd5 Rf7 48.Rb5 Re7+ 49.Kf3 Re5 50.Rxe5 Bxe5
51.d4 Bc7 52.g4 h4 53.Ke4 Kf6 54.Kd5 Ke7 55.e4 Bf4 56.e5 Bc1 57.Ke4 Bb2 58.d5 Bc1
59.Kf5 Bd2 60.d6+ Kd8 61.e6  1-0

[Event "Kaupthing Open"]
[Site "Differdange LUX"]
[Date "2007.07.12"]
[Round "7"]
[White "Korman,M"]
[Black "Iotov,V"]
[Result "1/2-1/2"]
[WhiteElo "2061"]
[BlackElo "2502"]

1.e4 c5 2.Nc3 Nc6 3.Bb5 Nd4 4.Bc4 e6 5.Nf3 Nf6 6.O-O a6 7.a4 Bd6 8.d3 Qc7
9.h3 Nxf3+ 10.Qxf3 Be5 11.Be3 O-O 12.Bb3 b6 13.Rad1 Bb7 14.d4 Bh2+ 15.Kh1 Nxe4
16.Nxe4 f5 17.d5 c4 18.Ba2 fxe4 19.Qxe4 Bxd5 20.Rxd5 exd5 21.Qxd5+ Kh8 22.f4 Bg3
23.Qg5 Bxf4 24.Rxf4 Rae8 25.Qg3 Rxf4 26.Bxf4 Qc5 27.c3 Qd5 28.Kh2 Re2 29.Bd6 Kg8
30.Ba3 Qe4 31.Qb8+ Kf7 32.Qf8+ Kg6 33.Qd6+ Kh5 34.Qg3 Re3 35.Bb1 Qe5 36.Qxe5+ Rxe5
37.Bc2 d5 38.Bd1+ Kg5 39.Kg3 Kf6 40.Kf2 Rf5+ 41.Bf3 Ke5 42.Ke3 Rf7 43.Bb4 a5
44.Ba3 g6 45.Be2 Rb7 46.Bf3 Rf7 47.Be2 Rb7 48.Bf3 b5 49.axb5 Rxb5 50.Kd2 d4
51.cxd4+ Kxd4 52.Kc2 h5 53.Be7 Rf5 54.Bd8 Rb5 55.Bf6+ Kc5 56.Be7+ Kd4 57.Bf6+ Kc5
58.Be7+ Kd4  1/2-1/2

[Event "Kaupthing Open"]
[Site "Differdange LUX"]
[Date "2007.07.12"]
[Round "7"]
[White "Bakalarz,M"]
[Black "Bellin,J"]
[Result "1-0"]
[WhiteElo "2355"]
[BlackElo "2151"]

1.e4 c5 2.Nc3 Nc6 3.Bb5 Nd4 4.a4 a6 5.Bc4 e6 6.d3 Qc7 7.Nf3 Nc6 8.O-O Nf6
9.Bb3 Be7 10.Ne2 O-O 11.c3 d6 12.Ng3 Bd7 13.Re1 b5 14.h3 Rfc8 15.Bc2 Ne5
16.Nh2 Ng6 17.f4 e5 18.f5 Nf8 19.Ng4 Be8 20.Nxf6+ Bxf6 21.Nh5 Nd7 22.Qg4 Kh8
23.Re3 g6 24.Nxf6 Nxf6 25.Qh4 Nh5 26.Rf3 Qd8 27.f6 Bc6 28.g4 Nf4 29.Bxf4 exf4
30.Rxf4 Qf8 31.g5 b4 32.cxb4 Rab8 33.bxc5 Rxb2 34.Rf2 Bd7 35.d4 dxc5 36.d5 c4
37.Qh6 Qxh6 38.gxh6 Bxh3 39.e5 Kg8 40.Re1 Rc5 41.e6 fxe6 42.dxe6 Rg5+ 43.Kh2 Bxe6
44.Rxe6 Rf5 45.Rfe2 Rh5+ 46.Kg1 Rg5+ 47.Kf1 Kf7 48.Bxg6+  1-0

[Event "Middlesex vs Young England"]
[Site "London ENG"]
[Date "2007.07.12"]
[Round "4"]
[White "Roberson,P"]
[Black "Lalic,B"]
[Result "1/2-1/2"]
[WhiteElo "2209"]
[BlackElo "2509"]

1.e4 c5 2.Nc3 Nc6 3.Bb5 Nd4 4.Bc4 e6 5.Nge2 Nf6 6.O-O a6 7.d3 b5 8.Bb3 Nxb3
9.axb3 Bb7 10.Bg5 Be7 11.f4 O-O 12.Ng3 d5 13.Bxf6 Bxf6 14.e5 Bh4 15.Qg4 Bxg3
16.Qxg3 f5 17.d4 Rc8  1/2-1/2

[Event "Campeonato Continental Absolut"]
[Site "Cali COL"]
[Date "2007.07.13"]
[Round "4"]
[White "Mesias,R"]
[Black "Ibarra Chami,L"]
[Result "1/2-1/2"]
[WhiteElo "2232"]
[BlackElo "2386"]

1.e4 c5 2.Nf3 Nc6 3.Nc3 Nf6 4.e5 Ng4 5.Qe2 f6 6.exf6 Nxf6 7.d3 d5 8.h3 Nd4
9.Nxd4 cxd4 10.Nb1 Qc7 11.g3 e5 12.Bg2 Bb4+ 13.Bd2 Bxd2+ 14.Nxd2 O-O 15.Nf3 Re8
16.O-O Bf5 17.Rfe1 Rac8 18.Nxe5 Qxc2 19.Qxc2 Rxc2 20.g4 Be6 21.Nf3 Bf7 22.Rxe8+ Nxe8
23.b3 Kf8 24.Nxd4 Rd2 25.Bf1 Ke7 26.a4 Rb2 27.Re1+ Kd7 28.f4 Nc7 29.f5 h6
30.Bg2 Kd6 31.h4 Na6 32.g5 hxg5 33.hxg5 Bh5 34.Bf3 Bxf3 35.Nxf3 Nc5 36.g6 Nxd3
37.Re6+ Kd7 38.f6 Rb1+ 39.Kh2 Rb2+ 40.Kh1 Nf2+ 41.Kg1 Nh3+ 42.Kf1 gxf6 43.Rxf6 Rf2+
44.Ke1 Rg2 45.Rf7+ Ke6 46.Rxb7 Rxg6 47.Rxa7 Rg3 48.Ke2 Rg2+ 49.Ke3 Rg3 50.Ra6+ Ke7
51.Ke2 Rg2+ 52.Ke1 Rb2 53.Nd4 Nf4 54.Rb6 Nd3+ 55.Kd1 Nf2+ 56.Ke1 Nd3+ 57.Kf1 Kd7
58.a5 Ra2 59.Rb5 Kd6 60.Rb6+ Kd7  1/2-1/2

[Event "Inautomarket Open"]
[Site "Minsk BLR"]
[Date "2007.07.13"]
[Round "4"]
[White "Dzhakaev,D"]
[Black "Bogachkov,I"]
[Result "1-0"]
[WhiteElo "2498"]
[BlackElo "2287"]

1.e4 c5 2.Nf3 Nc6 3.Nc3 g6 4.d4 cxd4 5.Nxd4 Bg7 6.Be3 Nf6 7.Bc4 Qa5 8.O-O d6
9.h3 O-O 10.Bb3 Bd7 11.f4 Nxd4 12.Bxd4 e5 13.Be3 Bc6 14.f5 Bxe4 15.Nxe4 Nxe4
16.fxg6 hxg6 17.Bxf7+ Rxf7 18.Rxf7 Kxf7 19.Qf3+ Bf6 20.Qxe4 d5 21.Qg4 Qd8
22.Rf1 Kg7 23.Qe6 d4 24.Rxf6 dxe3 25.Rxg6+  1-0

[Event "Kaupthing Open"]
[Site "Differdange LUX"]
[Date "2007.07.14"]
[Round "9"]
[White "Sorm,D"]
[Black "Daubenfeld,G"]
[Result "1/2-1/2"]
[WhiteElo "2250"]
[BlackElo "2158"]

1.e4 c5 2.Nc3 Nc6 3.Nf3 d6 4.d4 cxd4 5.Nxd4 a6 6.Bc4 e6 7.Be3 Nf6 8.Bb3 Be7
9.Qe2 O-O 10.O-O-O Nxd4 11.Bxd4 Qa5 12.Kb1 b5 13.Qe3 b4 14.Bb6 Qh5 15.Na4 Bb7
16.f3 Rac8 17.Qf2 d5 18.g4 Qe5 19.Bd4 Qc7 20.e5 Nd7 21.f4 Bc6 22.Rhe1 Bxa4
23.Bxa4 Bc5 24.Bxd7 Bxd4 25.Rxd4 Qxd7 26.Rxb4 a5 27.Rd4 a4 28.a3 Qa7 29.Qd2 Rb8
30.f5 Rb5 31.f6 Kh8 32.fxg7+ Kxg7 33.g5 Rfb8 34.Rb4 Rxb4 35.axb4 Qe7 36.c3 a3
37.bxa3 Qa7 38.Kb2 Ra8 39.Ra1 Rc8 40.Rf1 Ra8 41.Ra1 Rc8 42.a4 Rc4 43.Kb3 Qc7
44.a5 Re4 45.Qd3 Qa7 46.Rd1 Rh4 47.a6 Rxh2 48.b5 Qc5 49.Re1 d4 50.c4 Qb6
51.Ra1 Qa7 52.Ra2 Rh1 53.Rf2 Re1 54.Re2 Ra1 55.Kb2 Rh1 56.Rf2 Qc5 57.Kb3 Rc1
58.Rc2 Rb1+ 59.Rb2 Rc1 60.Rc2 Rb1+ 61.Rb2 Rc1 62.Rc2 Rb1+  1/2-1/2

[Event "22nd North Sea Cup"]
[Site "Esbjerg DEN"]
[Date "2007.07.14"]
[Round "2"]
[White "Skovgaard,Pe2"]
[Black "Jensen,TR"]
[Result "1-0"]
[WhiteElo "2251"]
[BlackElo "2027"]

1.e4 c5 2.Nf3 Nc6 3.Nc3 g6 4.d4 cxd4 5.Nxd4 Bg7 6.Be3 d6 7.f3 Bd7 8.Bc4 Qb6
9.Nd5 Qxb2 10.Rb1 Qa3 11.Nb5 Qa5+ 12.Bd2 Qa4 13.Bb3  1-0

[Event "Open"]
[Site "Ghent BEL"]
[Date "2007.07.15"]
[Round "3"]
[White "Lammens,Tim"]
[Black "Timoshenko,G"]
[Result "1/2-1/2"]
[WhiteElo "2275"]
[BlackElo "2559"]

1.e4 c5 2.Nf3 Nc6 3.Nc3 d6 4.d4 cxd4 5.Nxd4 e5 6.Nb3 Nf6 7.Bg5 Be7 8.Bxf6 Bxf6
9.Nd2 O-O 10.Nc4 Nd4 11.Nd5 b5 12.Nce3 Rb8 13.c3 Nc6 14.Bd3 Bg5 15.O-O a5
16.a4 b4 17.Bb5 Na7 18.c4 Be6 19.Qd3 Kh8 20.Rad1 Qc8 21.Nf5 g6 22.Nfe3 Qc5
23.Kh1 Rbd8 24.g3 Bxe3 25.Qxe3 Kg7 26.Rd2 f6 27.Rfd1 Bf7 28.h4 h5 29.Kg2  1/2-1/2

[Event "Canadian Open"]
[Site "Ottawa CAN"]
[Date "2007.07.15"]
[Round "10"]
[White "Tayar,J"]
[Black "Noritsyn,N"]
[Result "1-0"]
[WhiteElo "2271"]
[BlackElo "2336"]

1.e4 c5 2.Nc3 Nc6 3.Bb5 Nd4 4.Bc4 d6 5.Nge2 Nf6 6.O-O e6 7.d3 Nc6 8.Bg5 Be7
9.d4 cxd4 10.Nxd4 O-O 11.Bb3 a6 12.Qd3 Qc7 13.Kh1 Na5 14.f4 b5 15.Rae1 Nxb3
16.axb3 Bb7 17.e5 Ne8 18.exd6 Nxd6 19.Bxe7 Qxe7 20.f5 Qg5 21.Re2 b4 22.Na4 e5
23.Ne6 fxe6 24.Qxd6 exf5 25.Nc5 Be4 26.Rxe4 Rad8 27.Qe6+ Kh8 28.Rxe5 Rf6
29.Qe7 Rg8 30.Nd7  1-0

[Event "Campeonato Continental Absolut"]
[Site "Cali COL"]
[Date "2007.07.17"]
[Round "8"]
[White "Ortiz,Na"]
[Black "Narvaez,F"]
[Result "1-0"]
[WhiteElo "2281"]
[BlackElo "2140"]

1.e4 c5 2.Nc3 Nc6 3.Bb5 Na5 4.Be2 Nc6 5.f4 d6 6.Nf3 e6 7.O-O g6 8.d4 cxd4
9.Nxd4 Nxd4 10.Qxd4 Nf6 11.Bb5+ Bd7 12.Bxd7+ Kxd7 13.e5 Ne8 14.Be3 Qa5 15.b4 Qa6
16.Rad1 Rc8 17.Ne4 d5 18.Ng5 h6 19.Nxf7 Rh7 20.Nd6 Bxd6 21.exd6 Nxd6 22.Qf6 Qe2
23.Bc5 Qe4 24.f5 gxf5 25.Rfe1 Ne8 26.Qb2 Qg4 27.Qe5 f4 28.c4 Rg7 29.Rd2 b6
30.Bf8 Rxc4 31.Rxd5+ Kc6 32.b5+ Kb7 33.Bxg7 Rc2 34.Qe4 exd5 35.Qxc2  1-0

[Event "ch-Montenegro"]
[Site "Cetinje MNE"]
[Date "2007.07.18"]
[Round "7"]
[White "Kontic,D"]
[Black "Djukic,Ni"]
[Result "1-0"]
[WhiteElo "2384"]
[BlackElo "2531"]

1.e4 c5 2.Ne2 Nc6 3.Nbc3 d6 4.d4 cxd4 5.Nxd4 Nf6 6.Bc4 e6 7.Be3 Be7 8.Qe2 a6
9.O-O-O Qc7 10.Bb3 O-O 11.g4 Nxd4 12.Rxd4 Nd7 13.g5 Nc5 14.e5 d5 15.Bxd5 exd5
16.Nxd5 Qxe5 17.f4 Qe6 18.f5 Qe5 19.f6 Bd8 20.Qc4 Ne6 21.Re4 Qf5 22.Rf1 Qg6
23.fxg7 Nxg7 24.Rf6 Bxf6 25.gxf6 Qg2 26.fxg7 Kxg7 27.Bd4+ f6 28.Qc7+ Rf7
29.Bxf6+ Kg6 30.Nf4+ Kh6 31.Qxf7  1-0

[Event "Lichtenstein Mem"]
[Site "Elkana ISR"]
[Date "2007.07.18"]
[Round "4"]
[White "Sitnikov,A"]
[Black "Bykhovsky,An ISR"]
[Result "1/2-1/2"]
[WhiteElo "2458"]
[BlackElo "2357"]

1.e4 c5 2.Nf3 Nc6 3.Nc3 Nf6 4.d4 cxd4 5.Nxd4 e5 6.Ndb5 d6 7.Nd5 Nxd5 8.exd5 Nb8
9.c4 Be7 10.Be3 a6 11.Nc3 O-O 12.Qd2 f5 13.f3 Nd7 14.Bd3 h6 15.O-O Bg5 16.Kh1 Qf6
17.Rac1 Bxe3 18.Qxe3 e4 19.fxe4 f4 20.Qf2 Ne5 21.Be2 Bd7 22.c5 Rac8 23.b4 a5
24.a3 axb4 25.axb4 g5 26.Nb1 g4 27.Nd2 Qg5 28.Rc2 Kh7 29.Qg1 Rf7 30.Nc4 Nxc4
31.Bxc4 Qe5 32.Bd3 f3 33.g3 Ra8 34.c6 bxc6 35.dxc6 Be6 36.Re1 Bb3 37.Rf2 Ba4
38.Rc1 Rc8 39.Bc4 Rfc7 40.Bd5 Bxc6 41.Rfc2 Bxd5 42.Rxc7+ Rxc7 43.Rxc7+ Kg6
44.exd5 Qe4 45.Rc1  1/2-1/2

[Event "4th Marche Estate"]
[Site "Falconara ITA"]
[Date "2007.07.18"]
[Round "4"]
[White "Robertsen,T"]
[Black "Rago,R"]
[Result "1-0"]
[WhiteElo "2240"]
[BlackElo "2062"]

1.e4 c5 2.Nf3 Nc6 3.Nc3 e5 4.Bc4 d6 5.d3 Be7 6.Nd2 Nf6 7.Nf1 O-O 8.Ne3 a6
9.a4 Nd4 10.Ned5 Nxd5 11.Nxd5 Bg5 12.c3 Ne6 13.Qh5 Bxc1 14.Rxc1 Bd7 15.Bb3 b5
16.axb5 axb5 17.O-O Bc6 18.g3 Bxd5 19.Bxd5 Ra7 20.f4 exf4 21.gxf4 Nc7 22.Bb3 Qf6
23.Kh1 Kh8 24.Rcd1 g6 25.Qh3 Kg7 26.f5 g5 27.d4 c4 28.Bc2  1-0

[Event "33rd Open"]
[Site "Sitges ESP"]
[Date "2007.07.18"]
[Round "1"]
[White "Sanchez Ibern,E"]
[Black "Grigore,Ge"]
[Result "0-1"]
[WhiteElo "1976"]
[BlackElo "2534"]

1.e4 c5 2.Nc3 Nc6 3.Nge2 d6 4.g3 g6 5.d4 cxd4 6.Nxd4 Bg7 7.Nde2 Nf6 8.Bg2 O-O
9.O-O Rb8 10.a4 a6 11.Nd5 Nd7 12.c3 Re8 13.f4 e6 14.Ne3 Qc7 15.Nc4 d5 16.exd5 exd5
17.Bxd5 Nf6 18.Bg2 Bg4 19.Bf3 Rbd8 20.Qc2 Bh3 21.Re1 b5 22.axb5 axb5 23.Ne5 Nxe5
24.fxe5 Rxe5 25.Bf4 Qc5+ 26.Nd4 Rxd4 27.Bxe5 Rd2+ 28.Bd4 Qxd4+ 29.cxd4 Rxc2
30.Ra8+ Bf8 31.Re2 Rc1+ 32.Kf2 Kg7 33.Rb8 b4 34.d5 Bc5+  0-1

[Event "XII Open"]
[Site "Balaguer ESP"]
[Date "2007.07.20"]
[Round "5"]
[White "Adhiban,B"]
[Black "Abhishek,D"]
[Result "1-0"]
[WhiteElo "2406"]
[BlackElo "2321"]

1.e4 c5 2.Nc3 Nc6 3.Bb5 e6 4.Nf3 Nd4 5.Bc4 Ne7 6.O-O d6 7.Nxd4 cxd4 8.Ne2 Qb6
9.d3 g6 10.Bg5 Bg7 11.f4 Nc6 12.f5 f6 13.Bh4 g5 14.Bf2 exf5 15.Nxd4 Nxd4
16.c3 f4 17.Qh5+ Kd8 18.Bxd4 Qc7 19.g3 fxg3 20.Rxf6 h6 21.Qg6 gxh2+ 22.Kh1  1-0

[Event "Czech Open GMA"]
[Site "Pardubice CZE"]
[Date "2007.07.20"]
[Round "1"]
[White "Armbrust,F"]
[Black "Schlosser,P"]
[Result "0-1"]
[WhiteElo "2300"]
[BlackElo "2562"]

1.e4 c5 2.Nc3 Nc6 3.Bb5 Nf6 4.Bxc6 dxc6 5.d3 e5 6.f4 exf4 7.Bxf4 Be7 8.Nf3 O-O
9.Rb1 Ne8 10.O-O Nc7 11.Be3 Ne6 12.Ne2 f5 13.exf5 Rxf5 14.Ng3 Rf8 15.Ne4 Nd4
16.c3 Nxf3+ 17.Rxf3 b6 18.Rxf8+ Bxf8 19.Qb3+ Qd5 20.Qxd5+ cxd5 21.Ng5 Bf5
22.Rd1 a5 23.Nf3 b5 24.Ne5 b4 25.Rf1 Be6 26.c4 dxc4 27.dxc4 Bd6 28.Bf4 Bxe5
29.Bxe5 Bxc4 30.Rc1 Bxa2 31.Rxc5 Kf7 32.Rc7+ Ke6 33.Bxg7 Kd6 34.Rc1 a4 35.Kf2 Bd5
36.Bd4 Ra5 37.g4 a3 38.bxa3 bxa3 39.h4 a2 40.Ba1 Ra3 41.Rc3 Ra4 42.Rg3 Rf4+
43.Ke1 Be6 44.Rg2 Re4+ 45.Kd2 Bxg4 46.Kc3 Be6 47.Rd2+ Kc5 48.h5 Re1 49.Rc2 Bc4
50.Bb2 a1=Q 51.Bxa1 Rxa1 52.Rg2 Ra3+ 53.Kd2 Ra2+  0-1

[Event "Czech Open GMA"]
[Site "Pardubice CZE"]
[Date "2007.07.20"]
[Round "1"]
[White "Heberla,B"]
[Black "Grandelius,N"]
[Result "1-0"]
[WhiteElo "2484"]
[BlackElo "2271"]

1.e4 c5 2.Nc3 Nc6 3.Bb5 Nd4 4.Bc4 g6 5.Nf3 Bg7 6.Nxd4 cxd4 7.Qf3 e6 8.Nb5 Qb6
9.Qf4 Ke7 10.Nc7 Qc5 11.Nxa8 Qxc4 12.b3 Qc5 13.Qc7 Qxc7 14.Nxc7 a6 15.Na8 b5
16.Nb6 Bb7 17.d3 Kd6 18.a4 Kc7 19.a5 Ne7 20.Bd2 d5 21.f3 dxe4 22.fxe4 f5
23.O-O Nc8 24.Bf4+ e5 25.Bd2 Nd6 26.Bb4 Bh6 27.Rae1 Be3+ 28.Rxe3 dxe3 29.exf5 Nxf5
30.Re1 Re8 31.Bc5 Nd4 32.Rxe3 Nxc2 33.Re2 Na1 34.b4 Nb3 35.Bf2 Bc6 36.Rc2 Kd6
37.Bc5+ Nxc5 38.bxc5+ Ke6 39.Kf2 Rf8+ 40.Ke3 Rf1 41.d4 Re1+ 42.Kf2 Re4 43.d5+ Bxd5
44.c6 Rf4+ 45.Ke3 Re4+ 46.Kf2 Rf4+ 47.Kg3 Rf8 48.c7 Bb7 49.c8=Q+ Bxc8 50.Nxc8 Kd7
51.Nb6+ Kd6 52.Rd2+ Ke6 53.Nd5 Rc8 54.Nb4 Kf5 55.Rf2+ Kg5 56.Nxa6 e4 57.h4+ Kh5
58.Nb4 Rc3+ 59.Kh2 e3 60.Ra2 Rc4 61.Nd3 Rxh4+ 62.Kg3 Rd4 63.Nf4+ Kh6 64.a6 Rd8
65.a7 Ra8 66.Nd5 b4 67.Nxb4 e2 68.Kf2  1-0

[Event "Czech Open GMA"]
[Site "Pardubice CZE"]
[Date "2007.07.20"]
[Round "1"]
[White "Borsuk,Y"]
[Black "Haznedaroglu,K"]
[Result "1/2-1/2"]
[WhiteElo "2246"]
[BlackElo "2440"]

1.e4 c5 2.Nc3 Nc6 3.Bb5 g6 4.Bxc6 dxc6 5.d3 Bg7 6.Nge2 e5 7.Be3 Qe7 8.Qd2 h6
9.O-O Nf6 10.h3 b6 11.f4 exf4 12.Nxf4 O-O 13.Rae1 Nd7 14.Qf2 Ne5 15.Qg3 Kh7
16.Kh1 Ba6 17.Re2 Rae8 18.Ref2 Bc8 19.Nfe2 f5 20.exf5 Bxf5 21.Bf4 Qd7 22.Nd1 g5
23.Bd2 Ng6 24.Bc3 Nh4 25.Bxg7 Kxg7 26.Nf4 Rf7 27.Ne3 Kh7 28.Nh5 Kg6 29.Nf4+ Kh7
30.Nh5 Kg6  1/2-1/2

[Event "Najdorf Mem GpA"]
[Site "Grodzisk Mazowiecki POL"]
[Date "2007.07.21"]
[Round "2"]
[White "Jedryczka,K"]
[Black "Roszkowski,R"]
[Result "1/2-1/2"]
[WhiteElo "2299"]
[BlackElo "2114"]

1.e4 c5 2.Nc3 Nc6 3.Nge2 e5 4.g3 g6 5.Bg2 Bg7 6.d3 d6 7.Be3 Nd4 8.h3 Ne7
9.f4 Rb8 10.g4 f6 11.f5 b5 12.Qd2 b4 13.Nd1 Bb7 14.Ng3 Qa5 15.O-O h5 16.g5 gxf5
17.Bxd4 cxd4 18.Nxf5 Nxf5 19.Rxf5 Bc8 20.Rf1 Qd8 21.Qf2 O-O 22.Qh4 fxg5 23.Rxf8+ Kxf8
24.Qxh5 Be6 25.c4 dxc3 26.bxc3 Bf7 27.Qg4 bxc3 28.Nxc3 Qb6+ 29.Kh1 Qd4 30.Rf1 Kg8
31.Qd7 Rf8 32.Nb5 Qxd3 33.Nxa7 Bxa2 34.Rxf8+ Bxf8 35.Nc6 Qd1+ 36.Kh2 Qd2
37.Qe8 Qf4+ 38.Kh1 Qc1+ 39.Kh2 Qf4+ 40.Kh1 Qf7 41.Qd8 Qg7 42.Qc8 Qf6 43.Nd8 Kg7
44.Qa8 Bg8 45.Qc8 Be7 46.Nc6 Bf8 47.Nd8 Be7 48.Nc6 Bf8 49.Nd8 Qe7 50.Kh2 Qf6
51.Kh1 Kh8 52.Qd7 Qe7 53.Qc8 Bg7 54.Kh2 Bf6 55.Nc6 Qe6 56.Qf8 Bg7 57.Qd8 Bf6
58.Qf8 Kh7 59.Nb4 Bg7 60.Qf3 Qf7 61.Qe2 Qf4+ 62.Kh1 Bf7 63.Nd3 Qg3  1/2-1/2

[Event "Czech Open GMA"]
[Site "Pardubice CZE"]
[Date "2007.07.21"]
[Round "2"]
[White "Jaracz,P"]
[Black "Granovski,A"]
[Result "1/2-1/2"]
[WhiteElo "2495"]
[BlackElo "2341"]

1.e4 c5 2.Nc3 Nc6 3.Bb5 Nd4 4.Ba4 a6 5.Bb3 d6 6.Nge2 Nxb3 7.axb3 Nf6 8.d4 cxd4
9.Qxd4 e5 10.Qd3 Be7 11.Bg5 O-O 12.O-O Be6 13.Rfd1 Ne8 14.Bxe7 Qxe7 15.Nd5 Bxd5
16.Qxd5 Rc8 17.c4 Rc6 18.Qd3 Nc7 19.Nc3 Rb8 20.Na2 Rd8 21.Nb4 Rc5 22.g3 a5
23.Nc2 b5 24.Ne3 bxc4 25.Nxc4 Ne6  1/2-1/2

[Event "OK Open"]
[Site "Stillwater USA"]
[Date "2007.07.21"]
[Round "2"]
[White "Sukharnikov,L"]
[Black "Galant,S"]
[Result "1/2-1/2"]
[WhiteElo "2138"]
[BlackElo "2221"]

1.e4 c5 2.Nf3 Nc6 3.Nc3 d6 4.d4 cxd4 5.Nxd4 Nf6 6.Bg5 Bd7 7.Be2 Qa5 8.Bxf6 gxf6
9.f4 a6 10.Nb3 Qd8 11.Bh5 Bh6 12.O-O O-O 13.Kh1 Kh8 14.Qf3 a5 15.a4 Be6 16.Nd5 Nb4
17.Nd4 Nxd5 18.exd5 Bd7 19.Qe4 Qb6 20.Ra3 Rac8  1/2-1/2

[Event "Czech Open GMA"]
[Site "Pardubice CZE"]
[Date "2007.07.22"]
[Round "3"]
[White "Dobrowolski,P"]
[Black "Kopinits,A"]
[Result "1-0"]
[WhiteElo "2413"]
[BlackElo "2152"]

1.e4 c5 2.Nc3 Nc6 3.Bb5 g6 4.Bxc6 dxc6 5.f4 Bg7 6.Nf3 Nf6 7.O-O O-O 8.d3 b6
9.Qe1 c4 10.dxc4 Ba6 11.Qh4 Bxc4 12.Rd1 Qc8 13.f5 gxf5 14.e5 Ne4 15.Ng5 Nxg5
16.Bxg5 Qe6 17.Bxe7 Bxe5 18.Bxf8 Rxf8 19.Rd8 Bxc3 20.bxc3 h6 21.Rxf8+ Kxf8
22.Re1  1-0

[Event "XII Open"]
[Site "Balaguer ESP"]
[Date "2007.07.23"]
[Round "8"]
[White "Ashwin,J"]
[Black "Korneev,O"]
[Result "1/2-1/2"]
[WhiteElo "2399"]
[BlackElo "2565"]

1.e4 c5 2.Nf3 Nc6 3.Nc3 d6 4.d4 cxd4 5.Nxd4 Nf6 6.Bg5 e6 7.Qd2 Qb6 8.Nb3 Be7
9.O-O-O O-O 10.f3 Rd8 11.Nb5 Rd7 12.Be3 Qd8 13.N5d4 a5 14.a4 d5 15.Nxc6 bxc6
16.e5 Ne8 17.Nc5 Rb7 18.Nxb7 Bxb7 19.c3 c5 20.Bd3 Bc6 21.Bc2 Qd7 22.Qd3 g6
23.b3 c4 24.bxc4 Bxa4 25.cxd5 exd5 26.Qxd5 Qc7 27.Rd3 Bc6 28.Qc4 a4 29.h4 Ng7
30.h5 Ne6 31.hxg6 hxg6 32.Rh6 Qc8 33.Rd1 Bf8 34.Rdh1 Bxh6 35.Rxh6 Qc7 36.Bxg6 Qxe5
37.Bh7+ Kf8 38.Bd2 Bb5 39.Qb4+ Ke8 40.Be4 Rd8 41.f4 Nxf4 42.Bc6+ Bxc6 43.Qxf4 Qxf4
44.Bxf4 Bxg2 45.Rh8+ Kd7 46.Rxd8+ Kxd8 47.Kb2  1/2-1/2

[Event "IMA"]
[Site "Dimitrov RUS"]
[Date "2007.07.23"]
[Round "2"]
[White "Paveliev,A"]
[Black "Savina,A"]
[Result "1-0"]
[WhiteElo "2405"]
[BlackElo "2209"]

1.e4 c5 2.Nf3 Nc6 3.Nc3 e5 4.Bc4 Be7 5.d3 d6 6.O-O Nf6 7.Ng5 O-O 8.f4 Bg4
9.Qd2 h6 10.Nf3 Bxf3 11.Rxf3 Nd4 12.Rf1 exf4 13.Rxf4 Nd7 14.Rf1 Ne5 15.Qf2 Nxc4
16.dxc4 f5 17.Be3 fxe4 18.Qd2 Bf6 19.Nxe4 Be5 20.Rxf8+ Qxf8 21.c3 Nc6 22.Qd3 Qe7
23.Bf2 Rf8 24.Re1 Bxh2+ 25.Kxh2 Rxf2 26.Qg3 Rf5 27.Nxc5 Ne5 28.Nd3 Rg5 29.Qh3 Qf7
30.Nxe5 dxe5 31.Qc8+ Kh7 32.Qc5 Qf4+ 33.Kg1 Rh5 34.Qd5 Qh2+ 35.Kf1 Rf5+ 36.Ke2 Qh5+
37.Kd3 Qg4 38.Re2 Qg3+ 39.Kc2 Rf2 40.Qe4+ Kh8 41.Kd2 Qg5+ 42.Kd3 Rxe2 43.Kxe2 b6
44.b4 Qg3 45.Kd2 h5 46.Qe2 Qf4+ 47.Kd3 Qf5+ 48.Qe4 Qf1+ 49.Kc2 Qa1 50.Qa8+ Kh7
51.Qxa7 e4 52.Qa8 Qe1 53.Qd5 e3 54.Qxh5+ Kg8 55.Qd5+ Kh8 56.Qd8+ Kh7 57.Qd1 Qf2+
58.Kd3 Qxg2 59.Qh5+ Kg8 60.Qe8+ Kh7 61.Qh5+ Kg8 62.Qd5+  1-0

[Event "XII Open"]
[Site "Balaguer ESP"]
[Date "2007.07.24"]
[Round "9"]
[White "Van Riemsdijk,H"]
[Black "Oussama,O"]
[Result "1/2-1/2"]
[WhiteElo "2420"]
[BlackElo "2330"]

1.e4 c5 2.Nf3 Nc6 3.Nc3 Nf6 4.Bb5 Qc7 5.O-O Nd4 6.Nxd4 cxd4 7.Nd5 Nxd5 8.exd5 Qc5
9.c4 a6 10.Ba4 b5 11.cxb5 g6 12.Bb3 Bg7 13.d3 O-O 14.Qf3 d6 15.Bd2  1/2-1/2

[Event "MTO"]
[Site "Biel SUI"]
[Date "2007.07.24"]
[Round "2"]
[White "Kamber,B"]
[Black "Hausrath,D"]
[Result "0-1"]
[WhiteElo "2341"]
[BlackElo "2494"]

1.e4 c5 2.Nc3 Nc6 3.Bb5 Nd4 4.Bd3 g6 5.Nf3 Bg7 6.O-O Nxf3+ 7.Qxf3 d6 8.Bb5+ Bd7
9.Bxd7+ Qxd7 10.Rb1 Nf6 11.b4 c4 12.Bb2 O-O 13.Nd5 Nxd5 14.Bxg7 Kxg7 15.exd5 b5
16.Rfe1 e5 17.dxe6 fxe6 18.Qe4 e5 19.d4 cxd3 20.Qxd3 Qc6 21.Rbd1 Rf6 22.Qd5 Rc8
23.Qxc6 Rxc6 24.Re2 Rf4 25.a3 Rfc4 26.g3 Kf6 27.Rd3 g5 28.Rf3+ Ke6 29.Rf8 Rc8
30.Rxc8 Rxc8 31.f4 gxf4 32.gxf4 Rg8+ 33.Kh1 Rg4 34.fxe5 dxe5 35.h3 Rg3 36.Kh2 Rxa3
37.Re4 Rc3 38.Rh4 Rxc2+ 39.Kg3 Rc7 40.Kf2 Kd5 41.Rh5 Kd4 42.Rh6 Kc3 43.Rh4 Re7
44.Re4 Kd3 45.Re3+ Kd4 46.Re1 e4 47.Rc1 Kd3 48.Rc5 e3+ 49.Ke1 Rg7  0-1

[Event "Open NK"]
[Site "Dieren NED"]
[Date "2007.07.24"]
[Round "1"]
[White "Van Assendelft,F"]
[Black "Schilt,K"]
[Result "1-0"]
[WhiteElo "2297"]
[BlackElo "2108"]

1.e4 c5 2.Nf3 Nc6 3.Nc3 Nf6 4.d4 cxd4 5.Nxd4 e5 6.Ndb5 d6 7.Nd5 Nxd5 8.exd5 Ne7
9.c3 Nf5 10.a4 Be7 11.Be2 O-O 12.O-O g6 13.Kh1 a6 14.Na3 Bg5 15.Bxg5 Qxg5
16.Nc4 Bd7 17.Nb6 Rad8 18.Nxd7 Rxd7 19.Bg4 Rc7 20.f4 exf4 21.Bxf5 Qxf5 22.Qd4 Rc5
23.Rad1 Re8 24.b4 Rc7 25.Rxf4 Qc2 26.Rdf1 Qxa4 27.Qb6 Rd7 28.c4 Qc2 29.h3 Re2
30.Qg1 Qd2 31.R4f3 Qxb4 32.Rxf7 Rxf7 33.Rxf7 Re1 34.Rf1 Rxf1 35.Qxf1 Qd2
36.Qb1 b5 37.Qe4 bxc4 38.Qe6+ Kg7 39.Qxd6 Qd1+ 40.Kh2 Qd3 41.Qe7+ Kh6 42.d6 Qd2
43.d7 Qf4+ 44.Kg1 Qc1+ 45.Kf2 Qd2+ 46.Kg3 g5 47.Qf8+ Kh5 48.d8=Q Qe1+ 49.Kh2  1-0

[Event "Open NK"]
[Site "Dieren NED"]
[Date "2007.07.24"]
[Round "1"]
[White "Roy Chowdhury,S"]
[Black "Veltman,J"]
[Result "1/2-1/2"]
[WhiteElo "2420"]
[BlackElo "2137"]

1.e4 c5 2.Nf3 Nc6 3.Nc3 g6 4.Bb5 Bg7 5.O-O Nd4 6.Nxd4 cxd4 7.Ne2 e6 8.c3 a6
9.Bd3 dxc3 10.dxc3 Ne7 11.Be3 O-O 12.Qb3 d5 13.Bc5 Re8 14.Rfd1 Qc7 15.Qa3 Nc6
16.Bd6 Qa5 17.Qb3 Ne5 18.exd5 Qxd5 19.Qxd5 exd5 20.Kf1 Bd7 21.Bxe5 Bxe5 22.h3 Bc6
23.Nd4 Bxd4 24.cxd4 Bb5 25.Rac1 Rac8 26.Bxb5 axb5 27.Rc5 Rxc5 28.dxc5 Re4
29.b3 Re5 30.Rd4 Kf8 31.Rb4 d4 32.Rxd4 Rxc5 33.Rd7 Rc2 34.Rxb7 Rxa2 35.g3 Kg7
36.Kg2 Rc2 37.Rxb5 Rc3 38.Kf1 Rc2 39.Re5 Rb2 40.Re3 h6 41.Kg2 h5 42.h4 Kf6
43.Kf3 g5 44.hxg5+ Kxg5 45.Re5+ f5 46.Rb5 Rc2 47.Rb4 Rc3+ 48.Kg2 Rc2 49.Rc4 Rb2
50.b4 Kg6 51.Rf4 Kg5 52.Kf3 Rb3+ 53.Ke2 Rb2+ 54.Ke3 Ra2 55.Kd4 h4 56.Rxh4 Rxf2
57.Rh8 Kf6 58.b5 Rb2 59.b6 Kg7 60.Rb8 Rb3 61.b7 Rb1 62.Ke5 Re1+ 63.Kf4 Rf1+
64.Kg5 Rb1 65.Kxf5 Rf1+ 66.Kg5 Rb1 67.g4 Rb5+ 68.Kf4  1/2-1/2

[Event "Sun Pawn Open"]
[Site "Ilichevsk UKR"]
[Date "2007.07.24"]
[Round "5"]
[White "Rjanova,V"]
[Black "Dudin,D"]
[Result "0-1"]
[WhiteElo "1976"]
[BlackElo "2178"]

1.e4 c5 2.Nf3 Nc6 3.Nc3 Nf6 4.Bb5 Nd4 5.e5 Nxb5 6.Nxb5 Nd5 7.Ng5 e6 8.Ne4 Qh4
9.d3 Qd8 10.c4 Nb4 11.O-O Nc6 12.Qh5 g6 13.Nf6+ Qxf6 14.exf6 gxh5 15.Nc7+ Kd8
16.Nxa8 Bd6 17.f4 Nd4 18.Bd2 b6 19.Rf2 Bb7 20.Nxb6 axb6 21.Bc3 Kc7 22.a4 Ra8
23.Ra3 Bc6 24.a5 b5 25.cxb5 Bxb5 26.Bd2 Kb7 27.Be3 Nf5 28.Rb3 Ka6 29.Rf3 Rg8
30.d4 cxd4 31.Bd2 Bc6 32.Rf2 Bc5 33.Rd3 Be4  0-1